00944nas a2200241Ia 4500001001600000003001000016008004100026040002500067041001200092100002300104210001900127222001900146240012000165245012000285250001100405260000900416501012300425300001600548362002400564500007200588650002700660700001500687A01/R002-44426 IT-MiCISF161014c99999999xx |||||||||||| ||und|| aIT-MiCISFcIT-MiCISF aINGLESE aSpencer Bernadette aFamily Process aFamily Process aFusion or Internalized Homophobia? A Pilot Study of Bowen's Differentiation of Self Hypothesis with Lesbian Couples 0aFusion or Internalized Homophobia? A Pilot Study of Bowen's Differentiation of Self Hypothesis with Lesbian Couples a1a ed. c2007 bCISF - Centro Internazionale Studi Famiglia - Via Giotto, 36 20145 MILANO (non commercial uses only)cCopyright 2016 app. 257-268 an. 2, giugno [2007] a Tema: omosessualità€, differenza-sessuale, comportamento-sessuale asessualità€varticolo a Brown Jac